| 000 | 00651nam a22002177a 4500 | ||
|---|---|---|---|
| 005 | 20140310183630.0 | ||
| 008 | 131116b xxu||||| |||| 00| 0 eng d | ||
| 020 | _a9781606490303 | ||
| 050 |
_aHF 5814 _b.P347 2009 |
||
| 100 | _aPayton, Susan. | ||
| 245 |
_aInternet marketing for entrepreneurs using web 2.0 strategies for success / _cSusan Payton. |
||
| 260 |
_aNew York, NY : _bBusiness Expert Press, _c2009. |
||
| 300 |
_a96 p. : _bill. ; _c23 cm. |
||
| 504 | _aIncludes Index. | ||
| 521 | _aBSBA | ||
| 650 | _aInternet marketing. | ||
| 650 | _aWeb 2.0. | ||
| 650 | _aEntrepreneurship. | ||
| 942 |
_2lcc _cBK _kFOR |
||
| 999 |
_c25588 _d25588 |
||